Psicología genética y aprendizajes escolares: recopilación de textos sobre las aplicaciones pedagógicas de las teorías de Piaget

Gorde:
Xehetasun bibliografikoak
Egile nagusia: Coll, César (Egilea)
Formatua: Liburua
Hizkuntza:gaztelania
Argitaratua: Madrid Siglo Veintiuno 2002
Edizioa:4a. ed
Saila:Psicología, Etología y Psicoanálisis
Gaiak:
Etiketak: Etiketa erantsi
Etiketarik gabe, Izan zaitez lehena erregistro honi etiketa jartzen!

MARC

LEADER 00000nam a2200000 a 4500
001 UCJ1619
003 CL-VaPUC
008 061103e20020000SP |||||||||||||||||spa|d
020 |a 8432304662 
082 0 4 |a 155.413  |b COL  |2 21 
100 0 |a Coll, César  |e author  |9 502323 
245 1 0 |a Psicología genética y aprendizajes escolares: recopilación de textos sobre las aplicaciones pedagógicas de las teorías de Piaget 
250 |a 4a. ed 
300 |a 224 p 
942 |c BK 
945 |d 20061103 00:00:00  |a jtorresc 
260 |a Madrid  |b Siglo Veintiuno  |c 2002 
600 0 7 |a PIAGET, JEAN  |2 CL-VaPUC  |9 308149 
650 7 |a PSICOLOGIA GENETICA  |2 CL-VaPUC  |9 308771 
650 0 |a Psicología del niño  |9 307305 
650 7 |a CRECIMIENTO  |2 CL-VaPUC  |9 502324 
650 7 |a MADURACION  |2 CL-VaPUC  |9 264873 
583 |a last modification  |c 20130107 12:28:00  |k Rodrigo Vera 
490 0 |a Psicología, Etología y Psicoanálisis 
999 |c 318151  |d 318149 
952 |0 0  |1 0  |4 0  |6 155_413000000000000_COL_2002  |7 0  |8 A  |9 395509  |a BIBEDU  |b BIBEDU  |d 2019-11-22  |i 4292677  |o 155.413 COL 2002  |p 4292677  |r 2019-11-22  |w 2019-11-22  |y BK  |k EDI 
952 |0 0  |1 0  |4 0  |6 155_413000000000000_COL_2002  |7 0  |8 A  |9 395510  |a BIBEDU  |b BIBEDU  |d 2019-11-22  |i 4292685  |l 1  |o 155.413 COL 2002  |p 4292685  |r 2023-07-07  |s 2023-07-07  |w 2019-11-22  |y BK  |k EDI